Kapitanowie reprezentacji na mistrzostwach świata w piłce nożnej 2026 - Statystyki

Ogólne statystyki
  • Ten quiz został rozwiązany 20 razy
  • Średni wynik to 23 z 48
Statystyki odpowiedzi
KRAJ PIŁKARZ % Poprawnych
Argentyna Lionel Messi
95%
Chorwacja Luka Modric
95%
Portugalia Cristiano Ronaldo
89%
Anglia Harry Kane
89%
Francja Kylian Mbappe
89%
Egipt Mohamed Salah
89%
Korea Południowa Son Heung-min
89%
Kanada Alphonso Davies
84%
Belgia Kevin De Bruyne
84%
Norwegia Martin Odegaard
84%
Maroko Achraf Hakimi
79%
Stany Zjednoczone Christian Pulisic
79%
NIemcy Joshua Kimmich
79%
Bośnia i Hercegowina Edin Dzeko
74%
Holandia Virgil van Dijk
74%
Austria David Alaba
68%
Szwajcaria Granit Xhaka
68%
Meksyk Guillermo Ochoa
68%
Algeria Riyad Mahrez
68%
Czechy Tomas Soucek
68%
Kolumbia James Rodriguez
63%
Szkocja Andrew Robertson
58%
Ekwador Enner Valencia
58%
Senegal Kalidou Koulibaly
58%
Hiszpania Alvaro Morata
53%
Turcja Hakan Calhanoglu
53%
Arabia Saudyjska Salem Al-Dawsari
53%
Urugwaj Jose Maria Gimenez
37%
Australia Mathew Ryan
37%
Ghana Thomas Partey
37%
Szwecja Victor Lindelof
32%
Demokratyczna Republika Konga Chancel Mbemba
26%
Brazylia Danilo
26%
Paragwaj Gustavo Gomez
11%
Irak Jalal Hassan
11%
Japonia Maya Yoshida
11%
Panama Anibal Godoy
5%
Katar Hassan Al-Haydos
5%
Haiti Johny Placide
5%
Curacao Leandro Bacuna
5%
Uzbekistan Odil Ahmedov
5%
Iran Ehsan Hajsafi
0%
Jordania Ihsan Haddad
0%
Nowa Zelandia Max Crocombe
0%
Republika Zielonego Przylądka Ryan Mendes
0%
Wybrzeże Kości Słoniowej Serge Aurier
0%
Republika Południowej Afryki Thulani Hlatshwayo
0%
Tunezja Youssef Msakni
0%
Nie znaleziono quizów pasujących do podanych kryteriów
Rozkład punktacji
Procent ludzi z każdym wynikiem
Percentyl według liczby udzielonych odpowiedzi
Twoja historia wyników
Nie rozwiązałeś tego quizu